| 000 | 00780nam a2200241Ia 4500 | ||
|---|---|---|---|
| 003 | OSt | ||
| 005 | 20220926005301.0 | ||
| 006 | a|||||r|||| 00| 0 | ||
| 007 | ta | ||
| 008 | 220923b |||||||| |||| 00| 0 eng d | ||
| 020 |
_a8170460468 _c318.75 |
||
| 037 |
_b41499, 05/08/2014, Segment Book Distrobutors _cGeneral Book |
||
| 040 |
_aRTL _cRTL _beng |
||
| 041 |
_2eng _aeng |
||
| 082 | _aR68,91:g(NT), N0 | ||
| 100 |
_aKAPUR Anuradha _9146143 |
||
| 245 | 0 |
_aActors, pilgrims, kings and Gods _bThe Ramlila at Ramnagar |
|
| 260 |
_a New Delhi _bSeagull Books _c1990 |
||
| 300 |
_a250p. _ccm. |
||
| 650 | _aSociology | ||
| 942 |
_hR68,91:g(NT), N0 _cGB _2CC |
||
| 999 |
_c613423 _d613423 |
||